Обзоры по теплофизическим свойствам веществ. 1976, №2: Некоторые вопросы теории жидкого состояния (Запись № 3280601)

Подробности
000 -МАРКЕР
контрольное поле 01406nam2a22002651 4500
001 - ИДЕНТИФИКАТОР ЗАПИСИ
контрольное поле RU\NLR\INFOCOMM19\1000082981
005 - ИДЕНТИФИКАТОР ВЕРСИИ
контрольное поле 20040609135600.0
035 ## - ДРУГИЕ СИСТЕМНЫЕ НОМЕРА
Идентификатор записи (NLR Aleph) 002581602
100 ## - ДАННЫЕ ОБЩЕЙ ОБРАБОТКИ
Данные общей обработки 20040609d1976 |||y0rusy50 ba
101 0# - ЯЗЫК РЕСУРСА
Язык текста, звукозаписи и т.д. русский
102 ## - СТРАНА ПУБЛИКАЦИИ ИЛИ ПРОИЗВОДСТВА
Страна публикации Российская Федерация
105 ## - ПОЛЕ КОДИРОВАННЫХ ДАННЫХ: ТЕКСТОВЫЕ МАТЕРИАЛЫ, МОНОГРАФИЧЕСКИЕ
Кодированные данные о монографическом текстовом документе y |||||||||
200 1# - ЗАГЛАВИЕ И СВЕДЕНИЯ ОБ ОТВЕТСТВЕННОСТИ
Основное заглавие Некоторые вопросы теории жидкого состояния
Первые сведения об ответственности Г.С. Асланян, С.А. Тригер
210 ## - ПУБЛИКАЦИЯ, РАСПРОСТРАНЕНИЕ И ДР.
Дата издания, распространения и т.д. 1976
461 #0 - УРОВЕНЬ НАБОРА
Встроенное поле 001RU\NLR\INFOCOMM19\1000082979
-- 2001#$aОбзоры по теплофизическим свойствам веществ$eОбзорная информация$fАН СССР. Ин-т высоких температур. Науч.-информ. центр по теплофиз. свойствам чистых веществ$v1976, №2
Системный номер (АБИС) связанной записи 3280583
Место публикации М.
Дата публикации 1976-
Первые сведения об ответственности АН СССР. Ин-т высоких температур. Науч.-информ. центр по теплофиз. свойствам чистых веществ
Сведения, относящиеся к заглавию Обзорная информация
Заглавие Обзоры по теплофизическим свойствам веществ
Номер тома 1976, №2
700 #1 - ИМЯ ЛИЦА - ПЕРВИЧНАЯ ОТВЕТСТВЕННОСТЬ
Начальный элемент ввода Асланян
Часть имени, кроме начального элемента ввода Г. С.
Код отношения Автор
701 #1 - ИМЯ ЛИЦА - АЛЬТЕРНАТИВНАЯ ОТВЕТСТВЕННОСТЬ
Начальный элемент ввода Тригер
Часть имени, кроме начального элемента ввода С. А.
Код отношения Автор
801 #0 - ИСТОЧНИК ЗАПИСИ
Страна Российская Федерация
Организация NLR
Правила каталогизации PSBO
801 #1 - ИСТОЧНИК ЗАПИСИ
Страна Российская Федерация
Организация InfoComm
Дата составления 20040609
852 ## - МЕСТОНАХОЖДЕНИЕ И ШИФР ХРАНЕНИЯ
Идентификатор организации NLR
Шифр хранения (Call Number) П7/1752
942 ## - ДОПОЛНИТЕЛЬНЫЕ ЭЛЕМЕНТЫ ЗАПИСИ (АБИС)
Тип экземпляра АБИС Выпуск
980 ## - КОЛЛЕКЦИЯ
Название коллекции Национальная библиография
980 ## - КОЛЛЕКЦИЯ
Название коллекции Русская периодика

Нет доступных экземпляров.